| 000 | 00558nam a2200205 i 4500 | ||
|---|---|---|---|
| 001 | bgj | ||
| 100 | 1 |
_aHOWARD, Leslie Ruth _d(1924- ). |
|
| 245 | 1 | 0 |
_aA Quite Remarkable Father / _cLeslie Ruth Howard. |
| 260 |
_aNew York : _bHarcourt, Brace and Company, _cc. 1959. |
||
| 300 |
_aXI, 307 pp : _bphotos ; _c21 cm. |
||
| 505 | _aIncludes index. | ||
| 600 | 1 | 9 | _aHOWARD, Leslie, 1893-1943 |
| 650 | 9 | _aActors | |
| 655 | _aBiographies | ||
| 655 | _aStudies | ||
| 040 | _cBPK | ||
| 041 | 0 | _aeng | |
| 942 | _cKS | ||
| 008 | s uk f |000 0 eng | ||
| 999 |
_c48628 _d48628 |
||
| 856 |
_uhttp://koha.tu.koszalin.pl/cgi-bin/koha/opac-detail.pl?biblionumber=48628 _yKatalog online BPK |
||